00459nam a2200145Ia 4500008004100000100001600041245008800057245003100145260005900176260000900235300001000244650001800254650001500272856002600287170221s9999 xx 000 0 und d aAnamika Ray aMedia Glare or Media Trial Ethical Dilemma between two Estates of India Democracy  cAnamika Ray, Ankuran Dutta bOnline Journal of Communication and Media Technologies c2015 a5 : 2 xCommunication xMedia Arts uhttp://www.ojcmt.net/